<?xml version="1.0" encoding="UTF-8"?>
<marc:record xmlns:marc="http://www.loc.gov/MARC21/slim">
   <marc:leader>00000nam a2200000 a 4500</marc:leader>
   <marc:datafield ind1="1" ind2=" " tag="100">
      <marc:subfield code="a">Pacino, Al</marc:subfield>
   </marc:datafield>
   <marc:datafield ind1="1" ind2=" " tag="100">
      <marc:subfield code="a">Garcia, Andy</marc:subfield>
   </marc:datafield>
   <marc:datafield ind1="1" ind2=" " tag="100">
      <marc:subfield code="a">Hamilton, George</marc:subfield>
   </marc:datafield>
   <marc:datafield ind1="1" ind2=" " tag="100">
      <marc:subfield code="a">Coppola, Francis Ford</marc:subfield>
   </marc:datafield>
   <marc:datafield ind1=" " ind2=" " tag="653">
      <marc:subfield code="a">Mafia</marc:subfield>
   </marc:datafield>
   <marc:datafield ind1="0" ind2="0" tag="245">
      <marc:subfield code="a">Der Pate Teil 3 [Bildtonträger]</marc:subfield>
   </marc:datafield>
   <marc:datafield ind1="0" ind2="0" tag="245">
      <marc:subfield code="c">Regie: Francis Ford Coppola. Mit George Hamilton, Andy Garcia, Al Pacino ...</marc:subfield>
   </marc:datafield>
   <marc:datafield ind1=" " ind2="1" tag="264">
      <marc:subfield code="b">Paramount</marc:subfield>
      <marc:subfield code="c">2002</marc:subfield>
   </marc:datafield>
   <marc:datafield ind1="1" ind2=" " tag="490">
      <marc:subfield code="a">¬Der Pate</marc:subfield>
   </marc:datafield>
   <marc:datafield ind1="1" ind2=" " tag="520">
      <marc:subfield code="a">Im letzten Teil der epischen Corleone-Trilogie verkörpert Al Pacino erneut die Rolle des mächtigen Clanführers Michael Corleone. In diesem langerwarteten, spannungsgeladenen Film plant der mittlerweile über sechzigjährige Michael, von seinen Schuldgefühlen über die Taten seiner Vergangenheit stark belastet, die Macht seiner Familie in einem völlig legalen Unternehmen neu zu manifestieren ...</marc:subfield>
   </marc:datafield>
   <marc:datafield ind1=" " ind2=" " tag="500">
      <marc:subfield code="a">Orig. : USA 1990. Sprache: Deutsch (Dolby Digital 1.0), Deutsch (Dolby Digital 5.1), Englisch (DTS-HD Master/High 5.1), Französisch (Dolby Digital 1.0), Französisch (Dolby Digital 5.1). Untertitel: Deutsch, Englisch (für Hörgeschädigte), Englisch, Französ</marc:subfield>
   </marc:datafield>
   <marc:datafield ind1="0" ind2=" " tag="490">
      <marc:subfield code="v">0</marc:subfield>
   </marc:datafield>
   <marc:datafield ind1=" " ind2=" " tag="300">
      <marc:subfield code="a">1 DVD (163 Min.) : farbig</marc:subfield>
   </marc:datafield>
</marc:record>
